Torquato Tasso

Gespeichert in:
Bibliographische Detailangaben
1. Verfasser: Natali, Giulio (autore)
Format: Buch
Sprache:Italienisch
Veröffentlicht: Florencia La Nuova Italia 1958
Schriftenreihe:Collana Critica, 66
Schlagworte:
Tags: Tag hinzufügen
Keine Tags, Fügen Sie den ersten Tag hinzu!

MARC

LEADER 00000nam a2200000 a 4500
001 UCY7515
003 CL-VaPUC
008 950614e19580000IT |||||||||||||||||ita|d
082 0 4 |a 851.09  |b NAT  |2 21 
100 |a Natali, Giulio  |e autore  |9 338033 
245 1 0 |a Torquato Tasso 
300 |a 197 p 
942 |c BK 
945 |d 19950614 00:00:00  |a rbrito 
260 |a Florencia  |b La Nuova Italia  |c 1958 
600 0 7 |a TASSO, TORQUATO  |2 CL-VaPUC  |9 338034 
650 7 |a POESIA ITALIANA  |2 CL-VaPUC  |9 336930 
650 0 |a Crítica literaria   |9 269189 
583 |a last modification  |c 19950614 00:00:00  |k Rodrigo Vera 
490 0 |a Collana Critica, 66 
999 |c 234870  |d 234868 
952 |0 0  |1 0  |4 0  |6 851_090000000000000_NAT_1958  |7 0  |8 A  |9 241634  |a BIBART  |b BIBART  |d 2019-11-18  |i 2005867  |o 851.09 NAT 1958  |p 2005867  |r 2025-03-13  |w 2019-11-18  |y BK  |k ART